| 000 | 003350000a22001450004500 | ||
|---|---|---|---|
| 003 | MACL | ||
| 040 | _aMACL | ||
| 090 |
_c32899 _d32897 |
||
| 100 | _aMalhotra, Dr. A M | ||
| 245 | _aBank Clerical Recruitment Exam | ||
| 260 |
_bBright Careers institus _c2003 |
||
| 350 | _a105 | ||
| 650 | _aFinancial Economics | ||
| 942 |
_cBOOK _k332/mal |
||
| 999 |
_c32562 _d32562 |
||